000 00726nam a2200289 a 4500
003 AR-BaBNM
005 20251128203727.0
008 082120s2002 ||||||||||||||000 | spa||
040 _cAR-BaBNM
100 1 _aBalzac, Honoré de
245 0 0 _aLa piel de Zapa ;
_bLa peau de changrin
250 _a1ª ed.
260 _aBuenos Aires
_bSopena
_c1940
300 _a157 p.
490 0 _aBiblioteca mundial sopena
650 4 _aLITERATURA FRANCESA
650 4 _aESCRITORES
650 4 _aREALISMO
650 4 _aSIGLO DIECINUEVE
650 4 _aBURGUESIA
653 _aNOVELA PSICOLOGICA
653 _aNARRATIVA
655 _aLITERATURA
700 1 _aHugarte, Francisco
_etraductor
942 _cBK
998 _cMARTIN
999 _c4663
_d4663